000 00536nam a2200169Ia 4500
003 GCL
008 140319s9999 xx 000 0 ara d
040 _aGCL /
_cGCL
082 0 4 _aم
_b010.28
_bم ك
100 1 _aالمكتبة التجارية
245 1 0 _aكتبخانة عمومى دفتر مكتبة ابراهيم افندى /
_cالمكتبة التجارية
300 _a389 ص
650 0 4 _aالفهارس
650 0 4 _aالمكتبات - فهارس
650 0 4 _aمكتبة ابراهيم افندى
942 _2ddc
_cREF
999 _c59702
_d59702